000
00308 a2200145 4500
001
65706
020
_a
9788541809894
040
_c
Anchieta - Pituba
240
1
0
_a
produção de texto
_l
por
245
1
0
_a
produção de texto
300
_a
96
362
0
_a
2015
650
4
_a
Língua Portuguesa
942
_c
BK
999
_c
65706
_d
65706